Memoria acerca del estado del Instituto del Cardenal Cisneros durante el curso de 1879 a 1880 / (Record no. 165837)

MARC details
000 -LEADER
campo de control de longitud fija 00893nam a22001935i 4500
001 - NÚMERO DE CONTROL
campo de control 165837
003 - IDENTIFICADOR DE NÚMERO DE CONTROL
campo de control ES-MaACL
005 - FECHA Y HORA DE LA ÚLTIMA TRANSACCIÓN
campo de control 20230906213220.0
008 - DATOS DE LONGITUD FIJA--INFORMACIÓN GENERAL
campo de control de longitud fija 960520s1881 sp |||| | spa d
040 ## - FUENTE DE CATALOGACIÓN
Centro catalogador/agencia de origen CLM
Lengua de catalogación spa
Centro/agencia transcriptor CCPB | SIC
110 2# - ENTRADA PRINCIPAL--NOMBRE DE ENTIDAD CORPORATIVA
Nombre de entidad corporativa o nombre de jurisdicción como elemento de entrada Instituto de Enseñanza Media Cardenal Cisneros (Madrid)
9 (RLIN) 4869
245 10 - MENCIÓN DEL TÍTULO
Título Memoria acerca del estado del Instituto del Cardenal Cisneros durante el curso de 1879 a 1880 /
Mención de responsabilidad, etc. escrita por Hemeterio Suaña y Castellet.
260 ## - PUBLICACIÓN, DISTRIBUCIÓN, ETC.
Lugar de publicación, distribución, etc. Madrid :
Nombre del editor, distribuidor, etc. [s.n.],
Fecha de publicación, distribución, etc. 1881 (
Fabricante Imprenta, Estereotipia y Galvanoplastia de Aribau y C.ª)
300 ## - DESCRIPCIÓN FÍSICA
Extensión 191, [2] p. ;
Dimensiones 22 cm.
596 ## - NOTA AL PIE DE IMPRENTA
NOTA AL PIE DE IMPRENTA En cub. aparece 1880 como fecha de pie de imprenta.
610 24 - PUNTO DE ACCESO ADICIONAL DE MATERIA--NOMBRE DE ENTIDAD CORPORATIVA
Nombre de entidad corporativa o nombre de jurisdicción como elemento de entrada Instituto de Enseñanza Media Cardenal Cisneros (Madrid)-
Subdivisión de forma Memorias.
9 (RLIN) 144969
700 1# - ENTRADA AGREGADA--NOMBRE PERSONAL
Nombre de persona Suaña y Castellet, Hemeterio.
9 (RLIN) 132945
852 ## - LOCALIZACIÓN
Ubicación ES-MaACL
Número de control de estantería T-361-F-10
Nota libre -- Enc. hol.
-- -- Enc. en un vol. facticio
Holdings
Estatus retirado Estado de pérdida Estado de daño No para préstamo Colección Biblioteca de origen Biblioteca actual Ubicación en estantería Fecha de adquisición Total de préstamos Signatura topográfica completa Código de barras Visto por última vez Precio de reemplazo Tipo de ítem Koha
        Colección de folletos Biblioteca del Ateneo de Madrid Biblioteca del Ateneo de Madrid Depósito folletos 17/01/2008   T-361-F-10 1173915 23/02/2023 23/02/2023 Folleto